00488 2200169 4500245006200000020002200062250001100084100002600095650002600121005001900147260003500166041001400201084000800215500005300223490003300276336000900309 aENSIKLOPEDIA OLAHRAGA VOL.03cRATNA DIAJENG MINARDOhText a978-602-7618-31-4 aCet. 2 aRATNA DIAJENG MINARDO aEnsiklopedia Olahraga a20240828090642 aJakartabKlik Publishingc2013 aIndonesia a796 aDaftar isi : bola basket, bola tangan, bola voli aENSIKLOPEDIA OLAHRAGA VOL.03 atext